| 000 | 01206nam a2200253Ia 4500 | ||
|---|---|---|---|
| 003 | OSt | ||
| 005 | 20220930095101.0 | ||
| 006 | a|||||r|||| 00| 0 | ||
| 007 | ta | ||
| 008 | 220926b |||||||| |||| 00| 0 hin d | ||
| 024 | _a71690 | ||
| 037 | _cTheses | ||
| 040 |
_aCRL _cCRL _bhin |
||
| 041 |
_2hin _ahin |
||
| 100 | _aमधुलता, ले. | ||
| 110 |
_aदिल्ली विश्वविद्यालय. संगीत एवम् ललित कला संकाय. संगीत विभाग _9556914 |
||
| 245 | 0 | _aउस्ताद अमीर खॉं साहब की गायन शैली का बंदिशों के माध्यम से सौन्दर्यात्मक विवेचन | |
| 246 | _aUstād amīr khaॉan sāhab kī gāyan shailī kā bandishoan ke mādhyam se saundaryātmak vivechana | ||
| 260 | _c2019 | ||
| 300 |
_a288पृ0 _ap. _ccm. |
||
| 700 |
_aदिल्ली विश्वविद्यालय. संगीत एवम् ललित कला संकाय. संगीत विभाग _9556915 |
||
| 942 |
_cDIS _2CC |
||
| 999 |
_c888299 _d888299 |
||